El presupuesto de seguridad interior: (Registro nro. 10860)
[ vista simple ]
| 000 -LEADER | |
|---|---|
| fixed length control field | 00831nam a22002057a 4500 |
| 005 - DATE AND TIME OF LATEST TRANSACTION | |
| control field | 20250314181849.0 |
| 008 - FIXED-LENGTH DATA ELEMENTS--GENERAL INFORMATION | |
| fixed length control field | 250314b ||||| |||| 00| 0 spa d |
| 020 ## - INTERNATIONAL STANDARD BOOK NUMBER | |
| International Standard Book Number | 978-987-24181-3-7 |
| 082 14 - DEWEY DECIMAL CLASSIFICATION NUMBER | |
| Edition number | 14 |
| Classification number | 363.2 |
| 245 13 - TITLE STATEMENT | |
| Title | El presupuesto de seguridad interior: |
| Remainder of title | actores y procesos / |
| Statement of responsibility, etc | Secretaria de Seguridad Interior |
| 260 ## - PUBLICATION, DISTRIBUTION, ETC. (IMPRINT) | |
| Place of publication, distribution, etc | Buenos Aires: |
| Name of publisher, distributor, etc | Secretaria de Seguridad Interior, |
| -- | Programa de Naciones Unidas para el Desarrollo, |
| Date of publication, distribution, etc | 2008 |
| 300 ## - PHYSICAL DESCRIPTION | |
| Extent | 264 p. |
| 440 ## - SERIES STATEMENT/ADDED ENTRY--TITLE | |
| 9 (RLIN) | 9187 |
| Title | Colección Investigación y Análisis |
| Number of part/section of a work | 3 |
| Name of part/section of a work | Cuadernos de Seguridad |
| 650 17 - SUBJECT ADDED ENTRY--TOPICAL TERM | |
| Source of heading or term | unescot |
| 9 (RLIN) | 2982 |
| Topical term or geographic name as entry element | POLICIA |
| 650 17 - SUBJECT ADDED ENTRY--TOPICAL TERM | |
| Source of heading or term | unescot |
| 9 (RLIN) | 15335 |
| Topical term or geographic name as entry element | PRESUPUESTO DEL ESTADO |
| 651 #0 - SUBJECT ADDED ENTRY--GEOGRAPHIC NAME | |
| 9 (RLIN) | 326 |
| Geographic name | ARGENTINA |
| 710 1# - ADDED ENTRY--CORPORATE NAME | |
| 9 (RLIN) | 21412 |
| Corporate name or jurisdiction name as entry element | Argentina. Secretaria de Seguridad Interior |
| 942 ## - ADDED ENTRY ELEMENTS (KOHA) | |
| Source of classification or shelving scheme | Dewey Decimal Classification |
| Item type | Libro, folleto, traducción |
| 980 ## - EQUIVALENCE OR CROSS-REFERENCE-SERIES STATEMENT--PERSONAL NAME/TITLE [LOCAL, CANADA] | |
| Field link and sequence number | 19226 |
| Miscellaneous information | Palazón Marcela I. |
| Linkage | 19226 |
| Personal name | Palazón Marcela I. |
| Withdrawn status | Lost status | Source of classification or shelving scheme | Damaged status | Not for loan | Home library | Current library | Date acquired | Full call number | Barcode | Date last seen | Copy number | Price effective from | Koha item type |
|---|---|---|---|---|---|---|---|---|---|---|---|---|---|
| Dewey Decimal Classification | Consultar Disponibilidad | Biblioteca Central | DEPOSITO | 14/03/2025 | 363.2 PRE | UNAJ25030044 | 14/03/2025 | 1 | 14/03/2025 | Libro, folleto, traducción |